Ejercicio de las acciones civiles / (Record no. 122212)

MARC details
000 -LEADER
campo de control de longitud fija 00863nam a2200205 i 4500
001 - NÚMERO DE CONTROL
campo de control 122212
003 - IDENTIFICADOR DE NÚMERO DE CONTROL
campo de control ES-MaACL
005 - FECHA Y HORA DE LA ÚLTIMA TRANSACCIÓN
campo de control 20230906191930.0
007 - CAMPO FIJO DE DESCRIPCIÓN FÍSICA--INFORMACIÓN GENERAL
campo de control de longitud fija t|
008 - DATOS DE LONGITUD FIJA--INFORMACIÓN GENERAL
campo de control de longitud fija 070214s19651979sp r ||||1| spa d
100 1# - ENTRADA PRINCIPAL--NOMBRE DE PERSONA
Nombre de persona Prieto Cobos, Victorino.
9 (RLIN) 93920
245 10 - MENCIÓN DEL TÍTULO
Título Ejercicio de las acciones civiles /
Mención de responsabilidad, etc. Victorino Prieto Cobos ; prólogo del Ilmo. Sr. D. Narciso Antonio Alonso-Cortés.
250 ## - MENCION DE EDICION
Mención de edición 3ª ed. corr. y ampl.
260 ## - PUBLICACIÓN, DISTRIBUCIÓN, ETC.
Lugar de publicación, distribución, etc. Madrid :
Nombre del editor, distribuidor, etc. Lex,
Fecha de publicación, distribución, etc. 1965-79.
300 ## - DESCRIPCIÓN FÍSICA
Extensión 2 v. ;
Dimensiones 22 cm.
505 8# - NOTA DE CONTENIDO CON FORMATO
Nota de contenido con formato Contiene: t. I, v. I: Materias aplicables al ejercicio de las acciones ; acciones reales --- v. III: Acciones personales, contractuales y no contractuales.- 4ª ed. corr. y ampl. --- [Falta el v. II]
650 #4 - PUNTO DE ACCESO ADICIONAL DE MATERIA--TÉRMINO DE MATERIA
Término de materia o nombre geográfico como elemento de entrada Acción (Derecho)-
Subdivisión geográfica España.
9 (RLIN) 156720
700 1# - ENTRADA AGREGADA--NOMBRE PERSONAL
Nombre de persona Alonso-Cortés, Narciso Antonio.
9 (RLIN) 20278
852 ## - LOCALIZACIÓN
Ubicación ES-MaACL
Número de control de estantería P-445-Ter
Sublocalización o colección R.55942
Holdings
Estatus retirado Estado de pérdida Estado de daño No para préstamo Biblioteca de origen Biblioteca actual Ubicación en estantería Fecha de adquisición Fuente de adquisición Total de préstamos Signatura topográfica completa Código de barras Visto por última vez Precio de reemplazo Tipo de ítem Koha
        Biblioteca del Ateneo de Madrid Biblioteca del Ateneo de Madrid Depósito 2 17/01/2008     P-445-Ter 1127355 23/02/2023 23/02/2023 Libro impreso